000 00304nam a2200109Ia 4500
008 220204s9999 xx 000 0 und d
082 _aNR:338.5
_bADA;1
100 _aP F
245 0 _aMemorandum on the fluctuations in the price of natural rubber
260 _aKuala Lumpur
_bGovt Press
_c1958
942 _cBK
999 _c19312
_d19312